| 000 | 00407nam a2200145 a 4500 | ||
|---|---|---|---|
| 001 | 4986 | ||
| 003 | CDMR | ||
| 005 | 20130320111203.0 | ||
| 008 | 130130s1987||||||||||||||||||||||||||||d | ||
| 040 |
_aCDMR _bcat _cCPC GIRONA |
||
| 110 | 1 |
_91064 _aCatalunya _b -- Generalitat |
|
| 245 | 3 |
_aLa Consulta Municipal _b: l'organització comarcal de Catalunya |
|
| 260 |
_c1987 _bGeneralitat de Catalunya |
||
| 942 |
_cMON _2ddc |
||
| 999 |
_c4986 _d4986 |
||